statistieken voor Landen die beginnen met P

Klik hier om de quiz te nemen!

Generale statistieken

  • Deze quiz is al 738 keer genomen
  • De gemiddelde score is 6 of 8

Antwoord statistieken

Land % Correct
Portugal
87%
Polen
81%
Pakistan
81%
Paraguay
78%
Panama
75%
Peru
69%
Palau
63%
Papoea-Nieuw-Guinea
59%

Score Distributie

Percentiel op hoeveel beantwoord

Procent van mensen met elke score

Uw Scoregeschiedenis

U hebt deze quiz nog niet genomen